000 01246cam a2200397Ma 4500
001 96395
005 20230410132903.0
008 100126s2010 fr ao b 001 0bfre d
010 _a 2010379533
035 _a(OCoLC)ocn652445952
040 _aLVB
_bfre
_cLVB
_dZWZ
020 _a9782070344321
020 _a2070344320
029 1 _aZWZ
_b142283037
035 _a(OCoLC)652445952
043 _ae-fr---
_af-ae---
050 1 4 _aB PQ 2605
_bC211T 2010
082 0 0 _a809
049 _aGRAL
100 1 _aTanase, Virgil,
_d1945-
245 1 0 _aCamus /
_cpar Virgil Tanase.
260 _a[Paris] :
_bGallimard,
_cc2010.
300 _a401 p. :
_bill. (some col.) ;
_c18 cm.
440 0 _aFolio Biographies ;
_v65
501 _aTexte inédit.
504 _aIncludes bibliographical references ( p. 382-[385]) and index.
600 1 0 _aCamus, Albert,
_d1913-1960.
650 0 _aAuthors, French
_y20th century
_vBiography.
650 0 _aAuthors, Algerian
_y20th century
_vBiography.
650 6 _aécrivains francais
_y20e siáecle
_vBiographies.
650 6 _aécrivains algériens
_y20e siáecle
_vBiographies.
600 1 7 _aCamus, Albert
_d(1913-1960)
_xBiographies.
_2ram
942 _2lcc
_cbk
946 _amjcruz
994 _aC0
_bDRFGD
999 _c89590
_d89590